| 000 | 01669cam a22004694i 4500 | ||
|---|---|---|---|
| 003 | PE-LiUPU | ||
| 005 | 20250731184111.0 | ||
| 008 | 150513s2010 sp r 00 0 spa d | ||
| 020 | _a8472904822 | ||
| 020 | _a9788472904828 | ||
| 035 | _a(Sirsi) i9788472904828 | ||
| 040 |
_aPE-LiUPU _bspa _cPE-LiUPU _erda |
||
| 041 | 1 |
_aspa _hita |
|
| 049 | _aPRUA | ||
| 082 | 0 | 4 |
_a853.91 _bR84 _219 |
| 100 | 1 |
_aRosso, Beppe, _eautor. |
|
| 245 | 1 | 3 |
_aLa ciudad frágil / _cBeppe Rosso y Filippo Taricco ; epílogo de Marco Revelli. |
| 264 | 1 |
_a[Barcelona] : _bBellaterra, _c[2010]. |
|
| 300 |
_a84 páginas ; _c22 centímetros |
||
| 336 |
_atext _2rdacontent |
||
| 337 |
_aunmediated _2rdamedia |
||
| 338 |
_avolume _2rdacarrier |
||
| 490 | 0 |
_aSerie general universitaria ; _v100 |
|
| 505 | 0 | _aPrimera parte. Enterradme de pie -- Segunda parte. La viudad de Rozafat -- Tercera parte. Sin -- Nota de autores -- Agradecimientos -- Voces sin casa. | |
| 526 | _aP145 | ||
| 526 | _aP127 | ||
| 526 | _aP97 | ||
| 526 | _aP14 | ||
| 526 | _aP07 | ||
| 534 |
_pTítulo original : _tLa città fragile. |
||
| 650 |
_aViajes _vCuentos. |
||
| 650 |
_aVida cotidiana _vCuentos. |
||
| 650 | 4 |
_aCiudades y pueblos _vCuentos. |
|
| 650 | 4 | _aCuentos italianos. | |
| 700 | 1 | _aRevelli, Marco. | |
| 700 | 1 |
_aTaricco, Filippo, _eautor. |
|
| 910 | _acce | ||
| 942 |
_2ddc _cBOOK |
||
| 949 |
_a853.91 R84 _wDEWEY _c1 _i71054 _d2016-7-27 _e2016-4-14 _lCCODEBUL1 _mBUL _n1 _p22.90 _r0 _sY _tBOOK _u2015-5-13 _xINGENIERIA _0COMPRA _o.STAFF. Colección General |
||
| 999 |
_c48848 _d48848 |
||
| 980 |
_81 _gALBERTO SANCHEZ Responsable de Automatización |
||